banner-ar

الهاشميون وحلم العرب / (Record no. 64163)

MARC details
000 -الفاتح
حقل البيانات ثابتة الطول 00934nam a22002537a 4500
005 - وقت وتاريخ اخر تعامل مع التسجيلة
رقم الضبط 20240530110717.0
008 - عناصر البيانات ثابتة الطول - معلومات عامة
حقل البيانات ثابتة الطول 180311s2016 ua g 000 | ara d
017 ## - رقم الايداع القانونى
رقم الايداع القانونى 2016/19578
المصدر ( الهيئة المختصة) مصر. دار الكتب
020 ## - الرقم الدولى المعيارى للكتب
الرقم الدولى المعيارى للكتاب 9789773193072
040 ## - مصدر الفهرسة
وكالة الفهرسة الأصلية EG-CaGPL
وكالة النسخ EG-CaGPL
082 04 - رقم تصنيف ديوى العشرى
رقم الطبعة 21
رقم التصنيف 956.02 /
رقم المادة م هـ
100 1# - المدخل الرئيسى - إسم شخصى
الإسم الشخصى ماكنمارا، روبرت
245 12 - بيان العنوان
العنوان الهاشميون وحلم العرب /
بيان المسئوليه,etc روبرت ماكنمارا ؛ ترجمة منال حامد
250 ## - بيان الطبعة
بيان الطبعة ط. 1
260 ## - PUBLICATION, DISTRIBUTION, ETC. (IMPRINT)
تاريخ النشر أو التوزيع 2016.
300 ## - الوصف المادى
التعداد 240 ص. ؛
أبعاد الوعاء 19 سم.
600 0# - المدخل الاضافى بالموضوع-اسم شخصى
الإسم الشخصى جورج حبيب انطونيوس
650 ## - المدخل الاضافى بالموضوع-مصطلح موضوعى
مصدر الرأس أو المصطلح qrmak
مصطلح موضوعي رسائل مكماهون
651 0# - المدخل الاضافى بالموضوع - اسم جغرافى
مصدر الرأس أو المصطلح qrmak
الاسم الجغرافي السعودية
التقسيم الفرعي العام تاريخ
651 0# - المدخل الاضافى بالموضوع - اسم جغرافى
مصدر الرأس أو المصطلح qrmak
الاسم الجغرافي الجزيرة العربية
700 0# - المدخل الاضافى - اسم شخصى
الإسم الشخصى منال حامد
الدور مترجم
942 ## - عناصر المدخل الإضافي( كوها)
مصدر التصنيف او مخطط الترفيف Dewey Decimal Classification
Koha [default] item type كتاب
260 ## - PUBLICATION, DISTRIBUTION, ETC. (IMPRINT)
-- القاهرة :
-- العربى للنشر و التوزيع ،
Holdings
حالة التراجع حالة الفقد حالة تلف ليس للاعارة المكان المؤقت الموقع الحالى موقع الترفيف تاريخ الاكتساب اجمالي اﻻعارات رقم الطلب الباركود تاريخ اخر مشاهدة تاريخ تفعيل السعر نوع وعاء كوها
        مكتبة القاهرة الكبرى مكتبة القاهرة الكبرى القاعة الرئيسية 03/11/2018   956.02 / م هـ 164305 03/11/2018 03/11/2018 كتاب

Powered By

EGPV